000 00310pam a2200133 a 4500
020 _c
041 _aeng
082 _a510
_bMIN
100 _aMinorsky, V.P.
245 _aProblems in Higher Mathamatics
_hTextual Documents
260 _aMoscow:
_bM I R Publishers ,
_c1969.
300 _a395p.
930 _a16952
999 _c93852
_d93852